| 000 | 01519nam a2200337 c 4500 | ||
|---|---|---|---|
| 999 |
_c154729 _d154729 |
||
| 003 | BLK | ||
| 005 | 20190710124841.0 | ||
| 008 | 180410b bul|||||r ||||||| ||bul|| | ||
| 010 | _aKNG00161370000 | ||
| 020 | _a978-954-340-274-8 | ||
| 040 | _aBLK | ||
| 041 |
_aBUL _cBUL |
||
| 072 | 7 |
_2bullib _aН85 _xДетска художествена литература Н |
|
| 080 |
_aАнглийска литература _b821.111 _x-93-34 _z821.111-93-34 |
||
| 139 |
_aДжак и бобовото стъбло _bД 49 |
||
| 245 | 1 | 0 |
_aДжак и бобовото стъбло _bАнгл. нар. приказка _cпрев. Веска Маринова; * Веселина Маринова Стоянова. |
| 257 | _aGBR | ||
| 260 |
_bNew Media Group _c2012 _fСофия : Алианс принт |
||
| 300 |
_a32 с. _bс цв. ил. _c20 см |
||
| 380 | _aDX | ||
| 490 | 1 |
_aДетство мое : Вълшебни приказки в картинки _v46 |
|
| 500 | _aПълното име на прев.: Веселина Маринова Стоянова. - ISSN C633-4717. | ||
| 659 | _aН | ||
| 700 | 1 |
_aМаринова, Веска _eпрев. _gСтоянова, Веселина Маринова _9367234 |
|
| 700 | 1 |
_aСтоянова, Веселина Маринова _e* _9371058 |
|
| 852 | _aЦб 269118 | ||
| 856 | 4 | _qpdf | |
| 856 | 4 | _qpdf | |
| 942 |
_cKNG _n0 |
||
| 944 |
_aCR _c29.05.2014 _kВиолета_Тройчева |
||
| 944 |
_aED _c09.02.2015 _kГрета_Цуфелде |
||
| 999 | _d154729 | ||